000
00295nam a2200121Ia 4500
008
190216s9999||||xx |||||||||||||| ||und||
100
_a
Modak A G
245
0
_a
Economic Development Of The Ussr;
260
_b
Himalaya Publishing House
_c
1982
300
_a
195
650
_a
Economics
942
_c
BK
999
_c
9547
_d
9547